Refleksi unsur-unsur sosiobudaya Cina dalam Chengyu dari aspek semiotik /
Saved in:
| Main Author: | |
|---|---|
| Format: | Thesis Book |
| Language: | Malay |
| Published: |
2009.
|
| Subjects: | |
| Online Access: | http://studentsrepo.um.edu.my/id/eprint/3229 |
| Tags: |
Add Tag
No Tags, Be the first to tag this record!
|
| LEADER | 01435cam a2200325 a 4500 | ||
|---|---|---|---|
| 001 | u785257 | ||
| 003 | SIRSI | ||
| 005 | 201001211637 | ||
| 008 | 100121s2009 my t 000 0 may m | ||
| 040 | |a UMB |d UMM | ||
| 090 | |a PB12 |b UM 2009 Tan | ||
| 093 | |a PB12 |b UM 2009 Tan | ||
| 100 | 1 | |a Tan, Kiat Hoe. | |
| 245 | 1 | 0 | |a Refleksi unsur-unsur sosiobudaya Cina dalam Chengyu dari aspek semiotik / |c Tan Kiat Hoe. |
| 260 | |c 2009. | ||
| 300 | |a xii, 179 leaves : |b ill. ; |c 30 cm. | ||
| 502 | |a Dissertation (M.M.L.S.) -- Jabatan Bahasa-bahasa Malaysia dan Linguistik Terapan, Fakulti Bahasa dan Linguistik, Universiti Malaya, 2009. | ||
| 504 | |a Bibliography: leaves 153-157. | ||
| 530 | |a Also issued in CD. | ||
| 650 | 0 | |a Proverbs, Chinese |x History and criticism. | |
| 650 | 0 | |a Chinese |x Social life and customs |x Influence. | |
| 650 | 0 | |a Chinese language |x Idioms. | |
| 650 | 0 | |a Semiotics. | |
| 710 | 2 | |a Universiti Malaya. |b Jabatan Bahasa-bahasa Malaysia dan Linguistik Terapan. | |
| 856 | 4 | 1 | |u http://studentsrepo.um.edu.my/id/eprint/3229 |
| 900 | |a ZSA-ZA | ||
| 596 | |a 1 6 25 | ||
| 999 | |a PB12 UM 2009 TAN |w LC |c 1 |i A513758420 |d 18/5/2016 |e 18/5/2016 |f 10/3/2010 |g 1 |l STACKS |m P01UTAMA |n 16 |r Y |s Y |t TESIS |u 10/3/2010 | ||
| 999 | |a PB12 UM 2009 TAN |w LC |c 1 |i A514306409 |d 17/2/2014 |e 17/2/2014 |f 26/3/2010 |g 1 |l STACKS |m P06BAHASA |n 4 |r Y |s Y |t TESIS |u 24/3/2010 | ||
| 999 | |a PB12 UM 2009 TAN |w LC |c 1 |i A515057950 |l STACKS |m P25UMARCHI |r Y |s Y |t CD |u 29/6/2015 |1 AHSS | ||
